|
|
|
|
| LEADER |
01619nam a22003497a 4500 |
| 001 |
33275 |
| 003 |
BD-DhAAL |
| 005 |
20250625115526.0 |
| 008 |
180708t2003 us a|||| b||| 001 0 eng d |
| 020 |
|
|
|a 9780967547763
|
| 020 |
|
|
|a 0967547768
|
| 040 |
|
|
|a BD-DhAAL
|d BD-DhAAL
|
| 082 |
|
|
|a 720
|2 19
|
| 245 |
|
|
|a Almanac of architecture & design /
|c edited by James P Cramer and Jennifer Evans Yankopolus.
|
| 246 |
|
|
|a Almanac of architecture and design :
|b Greenway's almanac of architecture & design
|
| 250 |
|
|
|a Forth edition.
|
| 260 |
|
|
|a Atlanta, GA :
|b Greenway Group,
|c c2003.
|
| 300 |
|
|
|a xxix, 765 pages :
|b illustrations ;
|c 23 cm.
|
| 500 |
|
|
|a Includes index.
|
| 505 |
|
|
|a Speeches & essays --
Awards & honors --
Organizations --
Museums --
Noted individuals --
Records, rankings, & achievements --
Design & historic preservation --
Design education --
Design econometrics --
Registration laws --
Bookstores --
Journals & magazines --
Obituaries --Index
|
| 526 |
|
|
|a ARC
|
| 541 |
|
|
|a Department of Architecture
|e 33275
|
| 650 |
|
|
|a Architecture
|x Directories.
|9 26777
|
| 650 |
|
|
|a Architectural design.
|9 26801
|
| 650 |
|
|
|a Architecture
|z United States
|9 26802
|
| 650 |
|
|
|a Architecture.
|
| 700 |
|
|
|a Cramer, James P.
|9 26778
|
| 700 |
|
|
|a Yankopolus, Jennifer Evans.
|9 26779
|
| 852 |
|
|
|a Department of Architecture
|c General Stacks
|
| 942 |
|
|
|2 ddc
|c BK
|
| 999 |
|
|
|c 39620
|d 39620
|
| 952 |
|
|
|0 0
|1 0
|2 ddc
|4 0
|6 720_000000000000000_ALM
|7 0
|9 63639
|a BRACUL
|b BRACUL
|c GEN
|d 2018-07-08
|e Department of Architecture
|l 0
|o 720 ALM
|p 3010033275
|r 2018-07-08
|t 1
|w 2018-07-08
|y BK
|x Transferred from ARC to BRACUL on 28/12/2023
|